000
00500nam a2200133Ia 4500
008
100328s9999 xx 000 0 und d
082
_b
65326
100
_a
भोसले सु.बा.
245
_a
आदर्श माता राजमाता जिजाबाई.
260
_b
अमोल.
630
_a
आदर्श माता राजमाता जिजाबाई.
730
_a
आदर्श माता राजमाता जिजाबाई.
942
_c
BOOK
999
_c
551073
_d
551070